00660nam a2200181 a 450000100100000000500170001000800410002704000250006808200160009310000300010924500680013924600460020726000620025330000230031504900090033895201140034799900170046100001786720200929165247.0100407s1945 dr 001 0 spa d aDO-SdBNPbspacBNPHU axxxxbL256r1 aLandestoy, Carmita93878410aMis relaciones con el presidente Trujillo /cLandestoy Carmita.14aMis relaciones con el presidente Trujillo aCiudad Trujillo, República Dominicana :b[s.n.],c1945. a[s. p. ] ;c24 cm. aBNPD 0010718PDaPDbPDcCTd2010-04-07iLF1l0oxxxx L256rp17867-10r2020-06-25w2020-06-25yLFPDZNo se presta c17391d17391